Общая психология: учебник для педагогических институтов

Бібліографічні деталі
Інші автори: Петровский А. В. Артур Владимирович (редактор)
Мова:Російська
Опубліковано: Москва, Просвещение, 1986
Редагування:3-е изд., перераб. и доп.
Предмети:
Формат: Книга
KOHA link:https://koha.lib.tpu.ru/cgi-bin/koha/opac-detail.pl?biblionumber=280152

MARC

LEADER 00000nam0a2200000 4500
001 280152
005 20231101235258.0
020 |a RU  |b 86-66972 
035 |a (RuTPU)RU\TPU\book\303461 
090 |a 280152 
100 |a 20141225d1986 m y0rusy5003 ca 
101 0 |a rus 
102 |a RU 
105 |a a j 001zy 
200 1 |a Общая психология  |e учебник для педагогических институтов  |f под ред. А. В. Петровского 
205 |a 3-е изд., перераб. и доп. 
210 |a Москва  |c Просвещение  |d 1986 
215 |a 463 с.  |c ил. 
320 |a Библиогр. в конце глав 
606 1 |a Психология  |2 stltpush  |3 (RuTPU)RU\TPU\subj\53129  |9 71474 
610 1 |a учебники 
610 1 |a состояние 
610 1 |a структура 
610 1 |a психика 
610 1 |a сознание 
610 1 |a личность 
610 1 |a коллектив 
610 1 |a общение 
610 1 |a познавательные процессы 
610 1 |a память 
610 1 |a мышление 
610 1 |a чувства 
610 1 |a воля 
610 1 |a темперамент 
610 1 |a характер 
610 1 |a способности 
686 |a Ю93я73  |v LBC/SL-A  |2 rubbk 
702 1 |a Петровский  |b А. В.  |g Артур Владимирович  |4 340 
801 0 |a RU  |b RuMRKP  |c 19950704  |g psbo 
801 1 |a RU  |b 63413507  |c 20141225 
801 2 |a RU  |b 63413507  |c 20170426  |g RCR 
942 |c BK